| 000 | 05206cam a22018974i 4500 | ||
|---|---|---|---|
| 003 | PE-LiUPU | ||
| 005 | 20250813165953.0 | ||
| 008 | 150707 2012 mx a r 00 spa | ||
| 020 | _a6071709792 | ||
| 020 | _a9786071709790 | ||
| 035 | _a(Sirsi) i9786071709790 | ||
| 082 | 0 | 4 |
_a664.7204 _bC7 _223 |
| 082 | 0 | 4 |
_a664.7204 _bC7 2012 |
| 245 | 0 | 0 |
_aControl de calidad de productos agropecuarios / _cbasado en el trabajo de Marco R. Meyer ; con la colaboración de Gaetano Paltrinieri, C. Usami Olmos, J. Medina Figueroa ; revisión F. Orozco Luna, Johan D. Berlijn. |
| 250 | _a3a ed. | ||
| 264 | 1 |
_aMéxico : _bTrillas, _c2012. |
|
| 300 |
_a123 páginas : _bilustraciones ; _c23 centímetros. |
||
| 490 | 1 |
_aManuales para educación agropecuaria. _a Área industrias rurales |
|
| 505 | 0 | _aControl sanitario de aguas y desechos -- Control sanitario de personal e instalaciones -- Evaluación organoléptica -- Muestras -- Análisis físicos generales -- Análisis físicos específicos -- Sustancias y equipos para análisis químicos -- Análisis químicos -- Análisismicrobiológicos -- Direcciones electrónicas útiles. | |
| 526 | _aP203 | ||
| 526 | _aP200 | ||
| 526 | _aSEG65 | ||
| 526 | _aSEG64 | ||
| 526 | _aSEG63 | ||
| 526 | _aSEG62 | ||
| 526 | _aSEG61 | ||
| 526 | _aSEG60 | ||
| 526 | _aSEG59 | ||
| 526 | _aSEG58 | ||
| 526 | _aSEG57 | ||
| 526 | _aSEG56 | ||
| 526 | _aSEG55 | ||
| 526 | _aSEG54 | ||
| 526 | _aSEG53 | ||
| 526 | _aSEG52 | ||
| 526 | _aSEG51 | ||
| 526 | _aSEG50 | ||
| 526 | _aSEG49 | ||
| 526 | _aSEG48 | ||
| 526 | _aSEG47 | ||
| 526 | _aSEG46 | ||
| 526 | _aSEG24 | ||
| 526 | _aSEG23 | ||
| 526 | _aSEG22 | ||
| 526 | _aSEG21 | ||
| 526 | _aSEG20 | ||
| 526 | _aSEG19 | ||
| 526 | _aSEG18 | ||
| 526 | _aSEG17 | ||
| 526 | _aSEG16 | ||
| 526 | _aSEG14 | ||
| 526 | _aSEG13 | ||
| 526 | _aSEG12 | ||
| 526 | _aSEG11 | ||
| 526 | _aSEG10 | ||
| 526 | _aSEG09 | ||
| 526 | _aSEG06 | ||
| 526 | _aSEG05 | ||
| 526 | _aSEG04 | ||
| 526 | _aSEG03 | ||
| 526 | _aSEG02 | ||
| 526 | _aSEG68 | ||
| 526 | _aSEG66 | ||
| 526 | _aSEG45 | ||
| 526 | _aSEG25 | ||
| 526 | _aSEG01 | ||
| 526 | _aP163 | ||
| 526 | _aP162 | ||
| 526 | _aP161 | ||
| 526 | _aP160 | ||
| 526 | _aP159 | ||
| 526 | _aP158 | ||
| 526 | _aP157 | ||
| 526 | _aP156 | ||
| 526 | _aP155 | ||
| 526 | _aP154 | ||
| 526 | _aP153 | ||
| 526 | _aP152 | ||
| 526 | _aP151 | ||
| 526 | _aP150 | ||
| 526 | _aP149 | ||
| 526 | _aP142 | ||
| 526 | _aP141 | ||
| 526 | _aP140 | ||
| 526 | _aP139 | ||
| 526 | _aP138 | ||
| 526 | _aP137 | ||
| 526 | _aP132 | ||
| 526 | _aP131 | ||
| 526 | _aP130 | ||
| 526 | _aP126 | ||
| 526 | _aP125 | ||
| 526 | _aP124 | ||
| 526 | _aP123 | ||
| 526 | _aP115 | ||
| 526 | _aP122 | ||
| 526 | _aP121 | ||
| 526 | _aP116 | ||
| 526 | _a P114 | ||
| 526 | _aP112 | ||
| 526 | _aP111 | ||
| 526 | _aP104 | ||
| 526 | _aP103 | ||
| 526 | _aP102 | ||
| 526 | _aP101 | ||
| 526 | _aP100 | ||
| 526 | _aP96 | ||
| 526 | _aP95 | ||
| 526 | _aP93 | ||
| 526 | _aP92 | ||
| 526 | _aP91 | ||
| 526 | _aP88 | ||
| 526 | _aP83 | ||
| 526 | _aP82 | ||
| 526 | _aP79 | ||
| 526 | _aP78 | ||
| 526 | _aP75 | ||
| 526 | _aP74 | ||
| 526 | _aP71 | ||
| 526 | _aP69 | ||
| 526 | _a P51 | ||
| 526 | _aP49 | ||
| 526 | _aP48 | ||
| 526 | _aP47 | ||
| 526 | _aP33 | ||
| 526 | _aP31 | ||
| 526 | _a P30 | ||
| 526 | _aP29 | ||
| 526 | _aP27 | ||
| 526 | _aP26 | ||
| 526 | _aP25 | ||
| 526 | _aP24 | ||
| 526 | _a P22 | ||
| 526 | _aP10 | ||
| 526 | _aP09 | ||
| 526 | _a P08 | ||
| 526 | _aP06 | ||
| 526 | _aP05 | ||
| 526 | _aP04 | ||
| 526 | _aP01 | ||
| 541 | _69462. | ||
| 541 | _gF002-00000769; | ||
| 650 | 4 |
_aCalidad de los productos agrícolas _vManuales. |
|
| 650 | 4 |
_aControl de calidad _vManuales. |
|
| 650 | 4 |
_aProductos agrícolas _xAnálisis _vManuales. |
|
| 700 | 1 |
_aMeyer, Marco R, _eautor. |
|
| 700 | 1 |
_aPaltrinieri, Gaetano, _ecolaborador. |
|
| 700 | 1 |
_aUsami Olmos, C., _ecolaborador. |
|
| 700 | 1 |
_aMedia Figueroa, J., _ecolaborador. |
|
| 910 |
_agl _b _cbb _d20140210 |
||
| 910 |
_adbm _bjpc _cjpc _d20181219 |
||
| 910 |
_btqv _d20220701 |
||
| 942 |
_2ddc _cBOOK |
||
| 949 |
_a664.7204 C7 2012 _wDEWEY _c1 _iFJ13110 _lCCODEBUJ1 _mBUJ _p16.00 _r0 _sY _tBOOK _u2022-07-01 _xINGENIERIA _PP26 _0COMPRA _o.STAFF. Colección General Juliaca |
||
| 994 |
_aC0 _bPEPRU |
||
| 596 | _a1 3 | ||
| 999 |
_a668.6 C7 2012 _wDEWEY _c56267 _i69462 _d56267 _e2018-4-23 _f2021-11-9 _g7 _lCCODEBUL1 _mBUL _n1 _p16.00 _q1 _r0 _sY _tBOOK _u2015-7-6 _xINGENIERIA _PP26 _0COMPRA _o.STAFF. Colección Ingenieria y Arquitectura |
||
| 999 |
_a668.6 C7 2012 _wDEWEY _c2 _i79633 _f2021-11-9 _g4 _lCCODEBUL1 _mBUL _p13.00 _r0 _sY _tBOOK _u2018-12-19 _xINGENIERIA _PP26 _0COMPRA _1FCOMPR2 _o.STAFF. Colección Ingeniería y Arquitectura |
||
| 999 |
_a668.6 C7 2012 _wDEWEY _c1 _iFJ13110 _lCCODEBUJ1 _mBUJ _p16.00 _r0 _sY _tBOOK _u2022-7-1 _xINGENIERIA _PP26 _0COMPRA _o.STAFF. Colección General Juliaca |
||
| 980 |
_81 _gALBERTO SANCHEZ Responsable de Automatización |
||